000 00598nam a2200145 i 4500
001 183313
003 ES-MaACL
005 20230906221848.0
008 140317s1887 cu |||| | spa d
245 0 1 _a¿Qué es la orden de Odd Fellows? y fundamentos de la misma
_b: instrucciones publicadas por mandato del Grand Sire de la I. O. O. F. para uso de sus miembros y traducidos al castellano para conocimiento de sus afiliados en la Isla de Cuba.
260 _aHabana :
_bGarcía y Darreal,
_c1887.
300 _a40 p. ;
_c13 cm.
610 2 4 _aOdd Fellows.
_9154571
852 _aES-MaACL
_jT-613-F-2
999 _c183313
_d183313